[Event "Oebro CXU International 2024"]
[Site "Copenhagen"]
[Date "2024.07.24"]
[Round "4.14"]
[White "Johansson, Thomas"]
[Black "Steffens, Olaf"]
[Result "0-1"]
[WhiteElo "2172"]
[BlackElo "2192"]
[BlackFideId "4630564"]
[EventDate "2024.07.22"]
[EventType "swiss"]
[EventRounds "9"]
[EventCountry "DEN"]
[SourceTitle "Live v. Obro Skakforening"]

1. e4   a6  2. Nf3   g6  3. d4   Bg7  4. c3   d6  5. Bd3   Nd7  6. O-O   e6  7. Re1   Ne7  8. a4   b6  9. Nbd2   Bb7  10. b4  10... e5  11. Bb2   O-O  12. Qb3   h6  13. Rad1   Kh8  14. dxe5   dxe5  15. Nc4   Qe8  16. Ne3   f5  17. Nd2   Nf6  18. Nec4   fxe4  19. Nxe4   Bc6  20. Ra1  20... Bd5  21. Nxf6   Bxf6  22. Qc2   e4  23. Bf1   Qf7  24. Ne3   Bb7  25. Rad1   Rad8  26. Rxd8   Rxd8  27. Ng4   Bg7  28. c4   Nf5  29. c5   Bxb2  30. Qxb2+  30... Qg7  31. Qe5   h5  32. Nf6   bxc5  33. bxc5   Bc6  34. Qe6   Nd4  35. Qe5   Rd5  36. Qxd5   Bxd5  37. Nxd5   Qe5  38. Nc3   Qxc5  39. Nxe4   Qb4  40. Rc1  40... Ne6  41. Rc4   Qe1  42. g3   a5  43. h4   Qa1  44. Rc6   Qe5  45. Bg2   Kg7  46. Kh2   Kf8  47. Kg1   Ke7  48. Kh2   Kd7  49. f4   Nxf4  50. Nc5+  50... Kd8  51. gxf4   Qxf4+  52. Kg1   Qxh4  53. Ne6+   Kd7  54. Nf8+   Kd8  55. Nxg6   Qxa4  56. Kh2   Qb4  57. Ra6   a4  58. Ra8+   Kd7  59. Ne5+   Kd6  60. Nd3  60... Qh4+  61. Bh3   Kc6  62. Rb8   a3  63. Ra8   Qd4  64. Bg2+   Kd7  65. Rxa3   Qd6+  66. Ne5+   Qxe5+  67. Kh1   Qe1+  68. Kh2   Qe5+  69. Kh1   c5  70. Ra7+  70... Kd6  71. Ra6+   Ke7  72. Ra7+   Kf6  73. Ra6+   Kg5  74. Rc6   Kh4  75. Rc8   Kg3  76. Rg8+   Kf2  77. Rf8+   Ke2  78. Bf3+   Ke3  79. Bc6   Kd2  80. Rf2+  80... Kc3  81. Kg1   c4  82. Kf1   Kb3  83. Bf3   c3  84. Bd1+   Kb4  85. Bc2   Qe3  86. Kg2   h4  87. Kf1   h3  88. Re2   Qf3+  89. Rf2   Qg3  0-1

[Event "Oebro CXU International 2024"]
[Site "Copenhagen"]
[Date "2024.07.24"]
[Round "4.15"]
[White "Jarlskov, Daniel Tuk Hartso"]
[Black "Andersen, Morten"]
[Result "1-0"]
[WhiteElo "2030"]
[BlackElo "2176"]
[EventDate "2024.07.22"]
[EventType "swiss"]
[EventRounds "9"]
[EventCountry "DEN"]
[SourceTitle "Live v. Obro Skakforening"]

1. d4   d5  2. c4   e6  3. Nf3   Nf6  4. g3   Bb4+  5. Bd2   Bd6  6. Bg2   c6  7. O-O   O-O  8. Qc2   Ne4  9. Bf4   Bxf4  10. gxf4  10... Qf6  11. e3   Qh6  12. Nc3   f5  13. Ne5   Nd7  14. Nxe4   fxe4  15. f3   Nxe5  16. dxe5   g5  17. fxe4   gxf4  18. exd5   exd5  19. cxd5   f3  20. Rxf3  20... Rxf3  21. Bxf3   Qxe3+  22. Qf2   Qxe5  23. Re1   Qg7+  24. Kh1   Bf5  25. dxc6   bxc6  26. Qc5   Rf8  27. Bxc6   Bg6  28. b4   Rf5  29. Qc4+   Kh8  30. Rd1  30... Qf6  31. Qd4   Qxd4  32. Rxd4   a6  33. Kg2   Kg7  34. a4   Re5  35. h4   Re2+  36. Kf3   Bh5+  37. Kf4   Rb2  38. Ke5   Be2  39. Kd6   Rc2  40. Be4  40... Ra2  41. Bc6   h5  42. Rf4   Bd1  43. b5   axb5  44. axb5   Bg4  45. Kc7   Ra7+  46. Kb8   Re7  47. b6   Be2  48. Re4   Rxe4  49. Bxe4   Ba6  50. Ka7  50... Bc8  51. Bf5  1-0

[Event "Oebro CXU International 2024"]
[Site "Copenhagen"]
[Date "2024.07.24"]
[Round "4.16"]
[White "Ganta, Joel Paul"]
[Black "Jaksland, Tim"]
[Result "1-0"]
[WhiteElo "2056"]
[BlackElo "2074"]
[WhiteFideId "35066145"]
[BlackFideId "1401084"]
[EventDate "2024.07.22"]
[EventType "swiss"]
[EventRounds "9"]
[EventCountry "DEN"]
[SourceTitle "Live v. Obro Skakforening"]

1. e4   e5  2. Nf3   Nc6  3. Bc4   Nf6  4. d3   Bc5  5. c3   d6  6. b4   Bb6  7. a4   a5  8. b5   Ne7  9. O-O   O-O  10. Nbd2  10... Ng6  11. d4   d5  12. exd5   exd4  13. cxd4   Nxd5  14. Qb3   Be6  15. g3   h6  16. Ba3   Re8  17. Rae1   Qd7  18. Re4   Nf6  19. Rxe6   Rxe6  20. Bxe6  20... Qxe6  21. Qxe6   fxe6  22. Nc4   Nd5  23. Rc1   Rd8  24. h4   h5  25. Kg2   Re8  26. Bc5   Rd8  27. Ng5   Bxc5  28. dxc5   b6  29. Nxe6   Re8  30. Nxc7  30... Nxc7  31. cxb6   Nd5  32. Nd6   Rb8  33. b7   Nge7  34. Rc8+   Nxc8  35. bxc8=Q+   Rxc8  36. Nxc8   Nb4  37. Na7   Kf7  38. b6   Na6  39. Nc6   Nc5  40. Nxa5  1-0

[Event "Oebro CXU International 2024"]
[Site "Copenhagen"]
[Date "2024.07.24"]
[Round "4.17"]
[White "Meskenas, Paulius"]
[Black "Schmidt, Kristen"]
[Result "1-0"]
[WhiteElo "2168"]
[BlackElo "2216"]
[WhiteFideId "12809969"]
[BlackFideId "1400436"]
[EventDate "2024.07.22"]
[EventType "swiss"]
[EventRounds "9"]
[EventCountry "DEN"]
[SourceTitle "Live v. Obro Skakforening"]

1. e4   d6  2. d4   Nf6  3. Nc3   g6  4. f3   c6  5. Be3   Nbd7  6. Qd2   b5  7. a3   a6  8. h4   h5  9. Nh3   Bg7  10. Nf2  10... Qc7  11. Be2   Nb6  12. b3   Bb7  13. Nd3   Nfd7  14. a4   bxa4  15. Nxa4   c5  16. c3   c4  17. Ndb2   cxb3  18. c4   Nxa4  19. Rxa4   e5  20. d5  20... O-O  21. Ra3   Rfb8  22. O-O   Bc8  23. Rb1   f5  24. exf5   gxf5  25. Na4   Kh7  26. g3   f4  27. gxf4   exf4  28. Bxf4   Nc5  29. Bd3+   Kh8  30. Nxc5  30... Qxc5+  31. Kh1   Bh3  32. Raxb3   Rg8  33. Rb7   Raf8  34. Be5  1-0

[Event "Oebro CXU International 2024"]
[Site "Copenhagen"]
[Date "2024.07.24"]
[Round "4.18"]
[White "Thuesen, Mogens Henrik"]
[Black "Nord, Alexander"]
[Result "1-0"]
[WhiteElo "2095"]
[BlackElo "2212"]
[BlackFideId "1738135"]
[EventDate "2024.07.22"]
[EventType "swiss"]
[EventRounds "9"]
[EventCountry "DEN"]
[SourceTitle "Live v. Obro Skakforening"]

1. e4   c5  2. Nf3   d6  3. d4   cxd4  4. Nxd4   Nf6  5. Nc3   a6  6. Bg5   e6  7. f4   Nbd7  8. Qe2   Qc7  9. O-O-O   Be7  10. g4  10... b5  11. Bg2   Bb7  12. e5   dxe5  13. fxe5   Nd5  14. Bd2   Nxc3  15. Bxc3   O-O  16. Bxb7   Qxb7  17. Nf3   Nb6  18. h4   Rac8  19. Bd4   Nd5  20. Kb1  20... Rc4  21. c3   Rfc8  22. Nd2   R4c6  23. Rc1   Nb6  24. Bxb6   Qxb6  25. g5   Rd8  26. Rhf1   Rc7  27. Qf3   Bf8  28. Ne4   Qc6  29. h5   Qc4  30. g6  30... hxg6  31. hxg6   Qd3+  32. Qxd3   Rxd3  33. Ng5   f5  34. Nxe6   Rc6  35. Nxf8   Kxf8  36. Rxf5+   Ke8  37. Rg1   Re3  38. Rf7   Rxg6  39. Rxg7   Rxg1+  40. Rxg1  40... Rxe5  41. Rd1   Ke7  42. Kc2   Ke6  43. Kb3   Re2  44. Rd8   Ke7  45. Rd4   Rh2  46. a4   Ke6  47. Ka3   Rh5  48. b3   bxa4  49. Kxa4   Rc5  50. c4  50... Rh5  51. Rg4   Rh6  52. Rd4   Ke7  53. Ka5   Rh3  54. b4   Rb3  55. c5  1-0

[Event "Oebro CXU International 2024"]
[Site "Copenhagen"]
[Date "2024.07.24"]
[Round "4.19"]
[White "Gregor, Bjarke"]
[Black "Christensen, Stefan"]
[Result "0-1"]
[WhiteElo "2082"]
[BlackElo "2210"]
[WhiteFideId "1423401"]
[BlackFideId "1404148"]
[EventDate "2024.07.22"]
[EventType "swiss"]
[EventRounds "9"]
[EventCountry "DEN"]
[SourceTitle "Live v. Obro Skakforening"]

1. e4   e6  2. d4   d5  3. e5   c5  4. c3   Qb6  5. Nf3   Nc6  6. Bd3   cxd4  7. O-O   Bd7  8. Re1   Rc8  9. Nbd2   dxc3  10. bxc3  10... Na5  11. Rb1   Qc7  12. Ng5   Nh6  13. Nxh7   Be7  14. Nf3   Qxc3  15. Bb2   Qc7  16. Nfg5   Nc4  17. Bd4   Na3  18. Rb2   b5  19. Qh5   Qa5  20. Rbe2  20... Nc2  21. Bxc2   Rxc2  22. Nf6+   gxf6  23. exf6   Rxe2  24. Rxe2   Qa4  25. Rxe6   Bxe6  26. Nxe6   Bd6  27. g3   Qxa2  28. Ng7+   Kd7  29. Be3   Qa1+  30. Kg2  30... Qxf6  31. Qh3+   Kc6  32. Nh5   Qf5  0-1

[Event "Oebro CXU International 2024"]
[Site "Copenhagen"]
[Date "2024.07.24"]
[Round "4.20"]
[White "Jain, Sachi"]
[Black "Hammari, Vinjar"]
[Result "1-0"]
[WhiteElo "2140"]
[BlackElo "2203"]
[WhiteFideId "25974050"]
[BlackFideId "1552007"]
[EventDate "2024.07.22"]
[EventType "swiss"]
[EventRounds "9"]
[EventCountry "DEN"]
[SourceTitle "Live v. Obro Skakforening"]

1. e4   e5  2. Nf3   Nc6  3. Bc4   Nf6  4. d3   h6  5. c3   d6  6. O-O   g5  7. Nbd2   Bg7  8. Bb3   a5  9. Nc4   Be6  10. d4  10... exd4  11. Nxd4   Nxe4  12. Nxe6   fxe6  13. Qh5+   Kf8  14. f4   gxf4  15. Bxf4   Nf6  16. Qg6   a4  17. Nxd6   cxd6  18. Bxe6   Qb6+  19. Kh1   Nd8  20. Bxd6+  20... Qxd6  21. Rxf6+   Bxf6  22. Qxf6+   Ke8  23. Qxh8+   Ke7  24. Re1   Qd2  25. Qg7+   Ke8  26. Bd7#  1-0

[Event "Oebro CXU International 2024"]
[Site "Copenhagen"]
[Date "2024.07.25"]
[Round "5.1"]
[White "Haubro, Martin"]
[Black "Hector, Jonny"]
[Result "0-1"]
[WhiteElo "2400"]
[BlackElo "2410"]
[WhiteFideId "1414291"]
[BlackFideId "1700090"]
[EventDate "2024.07.22"]
[EventType "swiss"]
[EventRounds "9"]
[EventCountry "DEN"]
[SourceTitle "Live v. Obro Skakforening"]

1. e4   e5  2. Nf3   Nc6  3. Bb5   f5  4. d3   fxe4  5. dxe4   Nf6  6. O-O   d6  7. Nc3   Be7  8. Bc4   Na5  9. Be2   O-O  10. b4  10... Nc6  11. b5   Na5  12. Nd5   Nxd5  13. Qxd5+   Kh8  14. Bd2   c6  15. bxc6   Nxc6  16. Rab1   Qe8  17. Be3   Qg6  18. Qd3   b6  19. Kh1   Be6  20. c4  20... Rac8  21. Nd2   Na5  22. Rbc1   Rc6  23. Rc3   Rfc8  24. Rfc1   Qf7  25. h3   h6  26. Bg4   Bxg4  27. hxg4   Qe6  28. f3   R8c7  29. Qd5   Qc8  30. Kg1  30... Nb7  31. Kf2   Nd8  32. g5   Bxg5  33. Bxg5   Rc5  34. Qd3   hxg5  35. Qxd6   Nf7  36. Qd3   Rd7  37. Qe2   Rc6  38. Nb3   Qd8  39. c5   g4  40. fxg4  40... Qh4+  41. Kg1   Ng5  42. g3   Qh3  43. Qh2   Rf7  44. Qxh3+   Nxh3+  45. Kh1   bxc5  46. Rxc5   Rh6  47. Rc6   Nf2+  48. Kg2   Rxc6  49. Rxc6   Nxg4  50. Ra6  50... Kh7  51. Nc5   Ne3+  52. Kh3   Rf1  53. Kh4   Rh1+  54. Kg5   Rh3  55. Rxa7   Rxg3+  56. Kh4   Rg1  57. Re7   Kh6  58. Re6+   g6  59. a4   Ng2+  0-1

[Event "Oebro CXU International 2024"]
[Site "Copenhagen"]
[Date "2024.07.25"]
[Round "5.2"]
[White "Solodovnichenko, Yuri"]
[Black "Ravi, Rakshitta"]
[Result "1-0"]
[WhiteElo "2481"]
[BlackElo "2308"]
[WhiteFideId "14104369"]
[BlackFideId "25073230"]
[EventDate "2024.07.22"]
[EventType "swiss"]
[EventRounds "9"]
[EventCountry "DEN"]
[SourceTitle "Live v. Obro Skakforening"]

1. e4   e5  2. Nf3   Nc6  3. Nc3   Nf6  4. Bb5   Bd6  5. d3   a6  6. Ba4   b5  7. Bb3   O-O  8. a4   b4  9. Ne2   Be7  10. O-O  10... d5  11. exd5   Nxd5  12. Ng3   Nf6  13. h3   h6  14. Re1   Bd6  15. a5   Nd4  16. Ba4   Bb7  17. Nxe5   b3  18. cxb3   Bb4  19. Re3   Qd5  20. Nf3  20... Bc5  21. Bd2   Nxf3+  22. Rxf3   Qe5  23. Bc3   Bxf3  24. Qxf3   Qd5  25. Ne4   Nxe4  26. dxe4   Qe6  27. Qg3   Qg6  28. Qxc7   Rac8  29. Qf4   Rfd8  30. e5  30... Qg5  31. Qe4   Qg3  32. Qe1   Rd3  33. b4   Ba7  34. Qe2   Rcd8  35. e6   fxe6  36. Qxe6+   Kh7  37. Qf5+   Kh8  38. Bc2   R8d5  39. Qf8+   Kh7  40. Rd1  40... Rd8  41. Bxd3+  1-0

[Event "Oebro CXU International 2024"]
[Site "Copenhagen"]
[Date "2024.07.25"]
[Round "5.3"]
[White "Liu, Casper Yukun"]
[Black "Kistrup, Nicolai"]
[Result "0-1"]
[WhiteElo "2316"]
[BlackElo "2367"]
[BlackFideId "1444816"]
[EventDate "2024.07.22"]
[EventType "swiss"]
[EventRounds "9"]
[EventCountry "DEN"]
[SourceTitle "Live v. Obro Skakforening"]

1. c4   c6  2. Nf3   d5  3. d4   Nf6  4. e3   Bf5  5. Nc3   e6  6. Nh4   Bg6  7. Qb3   Qc7  8. Bd2   Ne4  9. Nxe4   Bxe4  10. cxd5  10... Be7  11. d6   Bxd6  12. Bd3   Bxd3  13. Qxd3   O-O  14. Nf3   Nd7  15. Rc1   e5  16. d5   Nc5  17. Qc4   e4  18. Ng5   Qe7  19. dxc6   Qxg5  20. cxb7  20... Qxg2  21. bxa8=Q   Qxh1+  22. Ke2   Qf3+  23. Kf1   Rxa8  24. Qd5   Rf8  25. Rxc5   Bxc5  26. Qxc5   Qd1+  27. Be1   a6  28. Qe5   Qb1  29. b3   h6  30. Qa5  30... Qd3+  31. Kg2   Rd8  32. h4   Rd6  0-1

[Event "Oebro CXU International 2024"]
[Site "Copenhagen"]
[Date "2024.07.25"]
[Round "5.4"]
[White "Sriram, Jha"]
[Black "Ramsdal, Jens Albert"]
[Result "1-0"]
[WhiteElo "2304"]
[BlackElo "2351"]
[WhiteFideId "5001668"]
[BlackFideId "1429221"]
[EventDate "2024.07.22"]
[EventType "swiss"]
[EventRounds "9"]
[EventCountry "DEN"]
[SourceTitle "Live v. Obro Skakforening"]

1. d4   e6  2. c4   b6  3. e4   Bb4+  4. Bd2   Bxd2+  5. Qxd2   d5  6. cxd5   exd5  7. e5   Ne7  8. Bb5+   c6  9. Bd3   c5  10. Ne2  10... Nbc6  11. O-O   O-O  12. f4   f6  13. Nbc3   a6  14. Bc2   c4  15. b3   Bf5  16. bxc4   dxc4  17. Rad1   fxe5  18. fxe5   Bxc2  19. Rxf8+   Qxf8  20. Qxc2  20... Qf5  21. Ne4   b5  22. Rf1   Qg6  23. Nf4   Qh6  24. Qc3   Rf8  25. g3   Rd8  26. d5   Rxd5  27. Nxd5   Nxd5  28. Qf3   Qe3+  29. Qxe3   Nxe3  30. Rf3  30... Nd5  31. e6   Nd4  32. Ra3   Nc7  33. Nc5   c3  34. Kf2   b4  35. Ra4   Ncxe6  36. Nd3   a5  37. Rxa5   b3  38. axb3   Nxb3  39. Ra8+   Kf7  40. Rc8  40... Nd2  41. Ke3   Nf1+  42. Ke4   Nxh2  43. Ne5+   Kf6  44. Rxc3   Ng5+  45. Kd5   Kf5  46. Rc4   Ne6  47. Rc2   Ng4  48. Nxg4   Kxg4  49. Kxe6   h5  50. Rc4+  50... Kxg3  51. Kf5   h4  52. Rg4+   Kf2  53. Rxh4  1-0

[Event "Oebro CXU International 2024"]
[Site "Copenhagen"]
[Date "2024.07.25"]
[Round "5.5"]
[White "Falkesgaard, Jeppe Hald"]
[Black "Sengupta, Deep"]
[Result "0-1"]
[WhiteElo "2321"]
[BlackElo "2491"]
[WhiteFideId "1464981"]
[BlackFideId "5008352"]
[EventDate "2024.07.22"]
[EventType "swiss"]
[EventRounds "9"]
[EventCountry "DEN"]
[SourceTitle "Live v. Obro Skakforening"]

1. d4   d6  2. c4   e5  3. d5   f5  4. g3   Nf6  5. Bg2   Be7  6. Nc3   O-O  7. Nf3   a5  8. O-O   Na6  9. a3   Nc5  10. Be3  10... b6  11. b4   Nce4  12. Nxe4   Nxe4  13. Qc2   Qe8  14. Nd2   Nf6  15. f3   f4  16. Bf2   b5  17. e4   fxe3  18. Bxe3   bxc4  19. Bf2   axb4  20. axb4  20... Rxa1  21. Rxa1   c3  22. Ne4   Nxd5  23. Nxc3   Nxc3  24. Qxc3   Bd8  25. Ra8   Be6  26. Rb8   Qa4  27. b5   Bd5  28. h4   Qd1+  29. Kh2   Qe2  30. Rxd8  30... Rxd8  31. Qxc7   Ra8  32. Qxd6   Bxf3  33. Bxf3   Qxf3  34. Qc5   h5  35. Qe3   Qxe3  36. Bxe3   Ra2+  37. Kh3   Rb2  0-1

[Event "Oebro CXU International 2024"]
[Site "Copenhagen"]
[Date "2024.07.25"]
[Round "5.6"]
[White "Thogersen, Rasmus"]
[Black "Rozentalis, Eduardas"]
[Result "1/2-1/2"]
[WhiteElo "2309"]
[BlackElo "2480"]
[WhiteFideId "1431412"]
[BlackFideId "12800023"]
[EventDate "2024.07.22"]
[EventType "swiss"]
[EventRounds "9"]
[EventCountry "DEN"]
[SourceTitle "Live v. Obro Skakforening"]

1. e4   e5  2. Nf3   Nc6  3. Bb5   Nge7  4. Nc3   d6  5. d4   Bd7  6. dxe5   dxe5  7. Be3   Ng6  8. h4   Bd6  9. h5   Nf4  10. Kf1  10... h6  11. g3   Ne6  12. Kg2   a6  13. Ba4   Na5  14. Bxd7+   Qxd7  15. Qd5   Nc6  16. Rhd1   O-O-O  17. a3   Ng5  18. Ng1   g6  19. b4   Ne7  20. Qa5  20... Nc6  21. Qa4   Ne6  22. Nf3   Ng5  23. Nxg5   hxg5  24. b5   Nd4  25. bxa6   Qxa4  26. axb7+   Kxb7  27. Nxa4   Rxh5  28. Bxd4   exd4  29. Rxd4   g4  30. Rb1+  30... Kc6  31. Rb3   Rdh8  32. Kf1   Re8  33. Rc4+   Kd7  34. Nc3   Rh1+  35. Ke2   f5  36. Nd5   Ra8  37. Rd3   Rxa3  38. Rxc7+   Bxc7  39. Rxa3   Be5  40. Ra7+  40... Ke6  41. Ra6+   Kf7  42. Ne3   fxe4  43. Nxg4   Bc3  44. Ke3   Re1+  45. Kf4   Bd2+  46. Ne3   Re2  47. Ra7+   Kf6  48. Ra6+   Kf7  49. Kxe4   Bxe3  50. fxe3  50... Rxc2  51. Kd5   Rg2  52. e4   Rxg3  53. Ra7+   Kf8  54. Ke6   Rb3  55. Ra8+   Kg7  56. e5   Rb6+  57. Kd7   Rb7+  58. Kc6   Re7  59. Kd6   Kf7  60. Rh8  60... Re6+  61. Kd5   Ra6  62. Rh7+   Ke8  63. Rg7   Rb6  64. Rc7   Ra6  65. Rg7   Rb6  66. Ra7   Kd8  67. Kc5   Re6  68. Kd5   Rb6  69. e6   Rb1  70. Ra6  70... Ke7  71. Ra7+   Ke8  72. Rf7   Rd1+  73. Ke5   Re1+  74. Kf6   Rf1+  75. Kg7   Re1  76. Kxg6  1/2-1/2

[Event "Oebro CXU International 2024"]
[Site "Copenhagen"]
[Date "2024.07.25"]
[Round "5.7"]
[White "Thorsen, Adrian Stenstrop"]
[Black "Heimisson, Hilmir Freyr"]
[Result "0-1"]
[WhiteElo "2226"]
[BlackElo "2392"]
[WhiteFideId "1473760"]
[BlackFideId "2309998"]
[EventDate "2024.07.22"]
[EventType "swiss"]
[EventRounds "9"]
[EventCountry "DEN"]
[SourceTitle "Live v. Obro Skakforening"]

1. d4   Nf6  2. c4   c6  3. Nf3   d5  4. g3   Bf5  5. Nc3   e6  6. Nh4   dxc4  7. Nxf5   exf5  8. e3   Nbd7  9. Bxc4   Nb6  10. Bd3  10... g6  11. O-O   Bg7  12. b4   a6  13. a4   h5  14. Be2   Rc8  15. Bf3   Nfd5  16. Qb3   Nxc3  17. Qxc3   Nd5  18. Qb3   b5  19. axb5   axb5  20. Ra5  20... Qd7  21. Bd2   O-O  22. Ra6   Rc7  23. Rc1   Rfc8  24. Rc5   Bf8  25. Bxd5   cxd5  26. Rxd5   Qe7  27. Re5   Rc1+  28. Bxc1   Rxc1+  29. Kg2   Qb7+  30. e4  30... Qxa6  31. exf5   Rc4  32. fxg6   fxg6  33. h4   Qc6+  34. d5   Qd6  35. Qe3   Rxb4  36. Kh2   Qc5  37. Qf3   Rb2  38. Kg2   Qd4  39. Re6   Rxf2+  0-1

[Event "Oebro CXU International 2024"]
[Site "Copenhagen"]
[Date "2024.07.25"]
[Round "5.8"]
[White "Egresi, Mate"]
[Black "Rakhmangulova, Anastasiya"]
[Result "0-1"]
[WhiteElo "2377"]
[BlackElo "2295"]
[WhiteFideId "738506"]
[BlackFideId "14117479"]
[EventDate "2024.07.22"]
[EventType "swiss"]
[EventRounds "9"]
[EventCountry "DEN"]
[SourceTitle "Live v. Obro Skakforening"]

1. e4   c5  2. Nf3   d6  3. d4   cxd4  4. Nxd4   Nf6  5. Nc3   a6  6. h3   e6  7. g4   b5  8. Bg2   Bb7  9. Be3   b4  10. Na4  10... Bxe4  11. Bxe4   Nxe4  12. Nb3   Nd7  13. Qd4   d5  14. O-O-O   Rc8  15. Kb1   Qc7  16. f3   Nd6  17. Rhe1   Qxc2+  18. Ka1   Nb5  19. Qd2   Qxd2  20. Bxd2  20... Be7  21. f4   O-O  22. f5   e5  23. Re2   d4  24. Kb1   Rfe8  25. Be1   f6  26. Nd2   g6  27. Ne4   gxf5  28. gxf5   Kf7  29. Rc2   Rg8  30. Kc1  30... Nd6  31. Nxd6+   Bxd6  32. h4   h5  33. b3   Rxc2+  34. Kxc2   Rg2+  35. Kd3   Rxa2  36. Rc1   Ke7  37. Kc4   a5  38. Kd5   d3  39. Rd1   Re2  40. Bg3  40... Re3  41. Bf2   Re2  42. Rg1   Rxf2  43. Rg7+   Ke8  44. Kxd6   d2  45. Rg1   Rg2  46. Ra1   e4  47. Nb2   e3  48. Nc4   Re2  49. Ke6   Nf8+  50. Kxf6  50... Re1  51. Rxa5   d1=Q  52. Re5+   Kd8  0-1

[Event "Oebro CXU International 2024"]
[Site "Copenhagen"]
[Date "2024.07.25"]
[Round "5.9"]
[White "Nielsen, Viktor Haarmark"]
[Black "Hansen, Soren Bech"]
[Result "1-0"]
[WhiteElo "2364"]
[BlackElo "2252"]
[WhiteFideId "1444492"]
[BlackFideId "1400681"]
[EventDate "2024.07.22"]
[EventType "swiss"]
[EventRounds "9"]
[EventCountry "DEN"]
[SourceTitle "Live v. Obro Skakforening"]

1. e4   c5  2. Nf3   Nc6  3. d4   cxd4  4. Nxd4   Qb6  5. Nb3   Nf6  6. Nc3   e6  7. Qe2   Bb4  8. Bd2   O-O  9. a3   Be7  10. O-O-O  10... d6  11. g4   d5  12. Be3   Qc7  13. exd5   Nxd5  14. Nxd5   exd5  15. Bg2   Be6  16. Bxd5   Bxd5  17. Rxd5   Rfd8  18. Rxd8+   Rxd8  19. h3   h6  20. Kb1  20... Bf6  21. Bc1   Ne5  22. Rd1   Rxd1  23. Qxd1   Nc4  24. Qd5   b6  25. Nd4   Bxd4  26. Qxd4   Na5  27. b3   Nc6  28. Qd5   Ne7  29. Qa8+   Kh7  30. Qe4+  30... Kg8  31. Bb2   f6  32. Qe6+   Kh8  33. h4   Ng8  34. Bd4   Qf4  35. Be3   Qf3  36. h5   Qb7  37. Kb2   Ne7  38. Bd4   Ng8  39. a4   Qc7  40. Bc3  40... Ne7  41. Qf7   Qd6  42. g5   Ng8  43. gxf6   gxf6  44. Qxa7   Ne7  45. Qa8+   Kg7  46. Qe4   Nd5  47. Qg6+   Kf8  48. Qxh6+   Ke7  49. Qg7+   Ke6  50. Qg4+  50... Ke7  51. Qd4   Kf7  52. h6   Kg6  53. Bd2   Qe6  54. Qd3+   Kf7  55. h7   Kg7  56. c4   Ne7  57. Bc3   Ng6  58. Qxg6+  1-0

[Event "Oebro CXU International 2024"]
[Site "Copenhagen"]
[Date "2024.07.25"]
[Round "5.10"]
[White "Shivakumar, Shawnak"]
[Black "Ganta, Joel Paul"]
[Result "1-0"]
[WhiteElo "2323"]
[BlackElo "2056"]
[WhiteFideId "30940192"]
[BlackFideId "35066145"]
[EventDate "2024.07.22"]
[EventType "swiss"]
[EventRounds "9"]
[EventCountry "DEN"]
[SourceTitle "Live v. Obro Skakforening"]

1. d4   d5  2. Nf3   Nf6  3. g3   g6  4. Bg2   Bg7  5. O-O   O-O  6. c4   dxc4  7. Na3   c3  8. bxc3   c5  9. Re1   Bf5  10. Ne5  10... Ne4  11. Bb2   Bxe5  12. dxe5   h5  13. Qc1   c4  14. Nxc4   Nc6  15. Rd1   Qc7  16. Qe3   b5  17. Bxe4   Bxe4  18. Qxe4   bxc4  19. Qxc4   Qb6  20. Rab1  20... Nxe5  21. Qf4   Qe6  22. c4   Nxc4  23. Ba1   Kh7  24. Qd4   f6  25. Qd7   Qe4  26. Rb7   Rfe8  27. Bxf6   Rad8  28. Qxd8  1-0